000 00433cam a2200193 4500
001 D3116
008 090401t1968 xxu||||| |||| 00| 0 eng d
035 _a(Sirsi) u71884
041 _aeng
050 _a333
100 _aDenman, D.R.
245 _aLand systems and urban development
260 _aLondon
_bFIG/RICS
_c1968
300 _a19p. 30cm
350 _a0.25
700 _aHoyes, T
942 _n0
948 _c04/03/1997
999 _c95456
_d95456